[Event "Festival Maggio"]
[Site "Roma ITA"]
[Date "1997.04.??"]
[Round "5"]
[White "Giangregorio, Pasquale"]
[Black "Diena, Giovanni"]
[Result "1-0"]
[WhiteElo "1767"]
[BlackElo "1540"]
[PlyCount "66"]
[EventDate "1997.04.30"]

1. c4 Nf6 2. Nc3 e6 3. e4 d6 4. g3 Be7 5. Bg2 Nc6 6. Nge2 e5 7. h3 O-O 8. O-O
Bd7 9. d3 Re8 10. Be3 Qc8 11. Kh2 h6 12. Qd2 Bf8 13. f4 exf4 14. gxf4 Qd8 15.
Rg1 Kh7 16. Bf3 Ng8 17. Nd5 Be6 18. Ng3 Bxd5 19. cxd5 Nce7 20. Nh5 Ng6 21. Qc3
Nf6 22. Nxf6+ Qxf6 23. Qxf6 gxf6 24. Rac1 Re7 25. Bg4 Bg7 26. Bf5 h5 27. Rc2
Bh6 28. Rgc1 Rae8 29. Rxc7 Kg7 30. Kg3 Ne5 31. fxe5 Bxe3 32. Rxe7 Bxc1 33. Rxe8
dxe5 1-0

[Event "Festival Maggio"]
[Site "Roma ITA"]
[Date "1997.04.??"]
[Round "5"]
[White "Lepri, Livio"]
[Black "Marzano, Carlo"]
[Result "0-1"]
[WhiteElo "1999"]
[BlackElo "2175"]
[PlyCount "80"]
[EventDate "1997.04.30"]

1. c4 Nc6 2. Nc3 e5 3. Nf3 d6 4. g3 g6 5. d4 exd4 6. Nxd4 Bg7 7. Nxc6 bxc6 8.
Qa4 Bd7 9. Qa5 Ne7 10. Bg2 O-O 11. O-O Re8 12. Rd1 Nf5 13. e4 Nd4 14. f4 Bg4
15. Rd3 Nc2 16. Rb1 Ne1 17. Rd2 Nxg2 18. Kxg2 Bxc3 19. Qxc3 Rxe4 20. b3 f6 21.
Bb2 Qe7 22. Rf1 Kf7 23. h3 Bd7 24. g4 Re8 25. Rff2 Re3 26. Qd4 Qe4+ 27. Qxe4
R3xe4 28. Kf3 Re3+ 29. Kg2 c5 30. b4 cxb4 31. Bd4 Bc6+ 32. Kh2 Ra3 33. g5 Re1
34. Rg2 Bxg2 35. Kxg2 f5 36. c5 d5 37. c6 Ke6 38. Rb2 a5 39. Rc2 Re4 40. Bb6
Rc3 0-1

[Event "Festival Maggio"]
[Site "Roma ITA"]
[Date "1997.04.??"]
[Round "5"]
[White "Marta, Daniele"]
[Black "Simeone, Giulio"]
[Result "1-0"]
[WhiteElo "1807"]
[BlackElo "1714"]
[PlyCount "89"]
[EventDate "1997.04.30"]

1. d4 g6 2. c4 Bg7 3. Nc3 d6 4. e4 Nc6 5. Be3 e5 6. d5 Nce7 7. f3 f5 8. Nge2
Nf6 9. Nc1 O-O 10. Be2 fxe4 11. fxe4 Nd7 12. Nd3 b6 13. Bf3 Nc5 14. b4 Nxd3+
15. Qxd3 a5 16. bxa5 Rxa5 17. O-O Bd7 18. Nb5 Bxb5 19. cxb5 Qd7 20. a4 Raa8 21.
Qc2 Kh8 22. Rac1 Ra7 23. a5 Rxa5 24. Qxc7 Qxc7 25. Rxc7 Ng8 26. Be2 Nf6 27.
Bxb6 Ra4 28. Rc4 Rxc4 29. Bxc4 Rc8 30. Bd3 Rc3 31. Rd1 Nd7 32. Ba5 Rb3 33. Be2
Nc5 34. Rc1 Kg8 35. Rxc5 dxc5 36. d6 Kf8 37. d7 Bf6 38. d8=Q+ Bxd8 39. Bxd8 Rb4
40. b6 c4 41. Bc7 Rb1+ 42. Kf2 c3 43. Bd3 c2 44. Bxc2 Rb2 45. Ke3 1-0

[Event "Festival Maggio"]
[Site "Roma ITA"]
[Date "1997.04.??"]
[Round "5"]
[White "Mastropietro, Marco"]
[Black "Trangoni, Bruno"]
[Result "1-0"]
[WhiteElo "1785"]
[BlackElo "1704"]
[PlyCount "61"]
[EventDate "1997.04.30"]

1. Nf3 c6 2. d4 f5 3. c4 Nf6 4. Nc3 g6 5. e3 Bg7 6. Bd3 d5 7. O-O O-O 8. Qb3 e6
9. Qc2 Ne4 10. Rb1 a5 11. a3 Nd7 12. b4 axb4 13. axb4 Ndf6 14. Bd2 Qc7 15. Rfc1
g5 16. Bxe4 fxe4 17. Ne5 Nh5 18. Qd1 Nf6 19. b5 Bd7 20. bxc6 bxc6 21. cxd5 exd5
22. Na4 h5 23. Nb6 Rad8 24. Nbxd7 Nxd7 25. Nxc6 Nc5 26. Nxd8 Rxf2 27. Rxc5 Qxd8
28. Kxf2 Qf8+ 29. Kg1 g4 30. Qf1 Qd6 31. Qf5 1-0

[Event "Festival Maggio"]
[Site "Roma ITA"]
[Date "1997.04.??"]
[Round "5"]
[White "Monteleone, Antonio"]
[Black "Quinto, Gianni"]
[Result "0-1"]
[WhiteElo "2195"]
[BlackElo "2195"]
[PlyCount "74"]
[EventDate "1997.04.30"]

1. d4 Nf6 2. c4 c5 3. d5 e6 4. Nc3 exd5 5. cxd5 d6 6. e4 g6 7. f4 Bg7 8. Bb5+
Nfd7 9. a4 O-O 10. Nf3 Na6 11. O-O Nb4 12. Re1 a6 13. Bf1 Re8 14. Nd2 Nf6 15.
Nc4 Ng4 16. g3 Bd4+ 17. Ne3 f5 18. h3 Nf6 19. Bg2 fxe4 20. Kh2 Nd3 21. Re2 h5
22. Nxe4 Nxc1 23. Nxf6+ Qxf6 24. Qxc1 Bd7 25. Qd2 Rxe3 26. Rxe3 Bxe3 27. Qxe3
Qxb2 28. Qa3 Qxa3 29. Rxa3 b6 30. Bf1 Re8 31. Bxa6 Ra8 32. Bd3 Rxa4 33. Rb3 c4
34. Bxc4 Rxc4 35. Rxb6 Rc2+ 36. Kg1 Bxh3 37. Rxd6 Kf7 0-1

[Event "Festival Maggio"]
[Site "Roma ITA"]
[Date "1997.04.??"]
[Round "5"]
[White "Moroni, Marco"]
[Black "Togni, Giampiero"]
[Result "1-0"]
[WhiteElo "1785"]
[BlackElo "1701"]
[PlyCount "57"]
[EventDate "1997.04.30"]

1. e4 e6 2. d4 c5 3. c3 cxd4 4. cxd4 Bb4+ 5. Bd2 Qa5 6. Nc3 Nf6 7. Bd3 a6 8.
Nf3 b5 9. O-O Qb6 10. e5 Bxc3 11. bxc3 Nd5 12. Rb1 Qc7 13. Ng5 d6 14. f4 g6 15.
Ne4 f5 16. Nxd6+ Ke7 17. c4 bxc4 18. Bxc4 Nb6 19. Bb4 Kd7 20. Rc1 Nc6 21. d5
Nxb4 22. Bb5+ axb5 23. Rxc7+ Kxc7 24. Qc1+ Kd7 25. dxe6+ Kxe6 26. Qc7 Nd7 27.
Nxb5 Ra6 28. Qc4+ Nd5 29. Nc7+ 1-0

[Event "Festival Maggio"]
[Site "Roma ITA"]
[Date "1997.04.??"]
[Round "5"]
[White "Pece, Alberto"]
[Black "Guarnieri, Giuseppe"]
[Result "0-1"]
[WhiteElo "1800"]
[BlackElo "1921"]
[PlyCount "122"]
[EventDate "1997.04.30"]

1. e4 c5 2. Nf3 d6 3. d4 cxd4 4. Nxd4 Nf6 5. Nc3 g6 6. f4 Bg7 7. e5 dxe5 8.
fxe5 Bg4 9. Bb5+ Nbd7 10. Qd3 Nh5 11. h3 O-O 12. hxg4 Nxe5 13. Qe4 Ng3 14. Qf4
Nxh1 15. Be3 a6 16. O-O-O axb5 17. Ndxb5 Qc8 18. Rxh1 Qxg4 19. Qf2 h5 20. Nc7
Rxa2 21. Nxa2 Qc4 22. Nc3 Ng4 23. Qf4 Nxe3 24. Qxe3 Qxc7 25. Nd5 Qa5 26. Nxe7+
Kh7 27. Qa3 Qg5+ 28. Kb1 Qxg2 29. Rd1 b5 30. Nd5 Qe2 31. Rh1 Qe5 32. Qb3 Rd8
33. Ne3 Kg8 34. Rf1 Rd7 35. Rg1 Kh7 36. Nd1 Qd4 37. Re1 b4 38. Ne3 Qd2 39. Rd1
Qxd1+ 40. Nxd1 Rxd1+ 41. Ka2 Rd4 42. Qxf7 h4 43. c3 bxc3 44. bxc3 Rd2+ 45. Kb3
Rd3 46. Kc2 Rxc3+ 47. Kd2 Rc5 48. Qe7 Rd5+ 49. Kc2 Rh5 50. Qe4 h3 51. Qh1 h2
52. Kd3 Be5 53. Ke4 Rg5 54. Qf1 Kg7 55. Qd1 Kh6 56. Kf3 Rf5+ 57. Kg2 Rg5+ 58.
Kh3 Rh5+ 59. Kg4 h1=Q 60. Qd2+ Kh7 61. Qd7+ Bg7 0-1

[Event "Festival Maggio"]
[Site "Roma ITA"]
[Date "1997.04.??"]
[Round "5"]
[White "Pezzaldi, Roberto"]
[Black "Scagliarini, Bruno"]
[Result "0-1"]
[WhiteElo "2105"]
[BlackElo "1728"]
[PlyCount "80"]
[EventDate "1997.04.30"]

1. c4 e6 2. Nf3 Nf6 3. g3 d5 4. Bg2 Be7 5. O-O O-O 6. b3 Nbd7 7. Bb2 c6 8. d3
b5 9. Nbd2 bxc4 10. dxc4 a5 11. e4 Ba6 12. Nd4 Qb6 13. Qc2 Rac8 14. N4f3 Bc5
15. h3 h6 16. g4 Nh7 17. Qd3 Qc7 18. Rfc1 Ba7 19. Qc3 Ndf6 20. cxd5 exd5 21.
exd5 Qg3 22. Ne4 Qf4 23. Nxf6+ Nxf6 24. dxc6 Bxf2+ 25. Kh1 Rfe8 26. Ne5 Ne4 27.
Bxe4 Qxe4+ 28. Qf3 Rxe5 29. Kg2 Qxf3+ 30. Kxf3 Re2 31. Ba3 Bh4 32. Bd6 Rce8 33.
Bc5 R8e6 34. Bd4 Rd2 35. Be3 Rd3 36. Re1 Bxe1 37. Rxe1 Rxc6 38. Kf2 Rc2+ 39.
Kf3 Bb7+ 40. Kf4 Rxa2 0-1

[Event "Festival Maggio"]
[Site "Roma ITA"]
[Date "1997.04.??"]
[Round "5"]
[White "Pienabarca, Nicola"]
[Black "Cesarini, Lanfranco"]
[Result "0-1"]
[WhiteElo "1950"]
[BlackElo "1798"]
[PlyCount "84"]
[EventDate "1997.04.30"]

1. d4 Nf6 2. Nf3 g6 3. Bg5 Bg7 4. Nbd2 d5 5. e3 Bg4 6. Be2 Nbd7 7. c3 h6 8. Bh4
Bf5 9. b4 c6 10. O-O g5 11. Bg3 Bh7 12. Ne5 O-O 13. Qb3 Nxe5 14. Bxe5 Nd7 15.
Bxg7 Kxg7 16. c4 e6 17. a4 dxc4 18. Nxc4 Nf6 19. Ne5 Ne4 20. Qb2 Nf6 21. Bf3 h5
22. g3 Bf5 23. b5 g4 24. Bg2 Be4 25. Bxe4 Nxe4 26. bxc6 bxc6 27. Nxc6 Qf6 28.
Ne5 Ng5 29. f4 gxf3 30. Nd7 Qf5 31. d5+ f6 32. dxe6 Nh3+ 33. Kh1 f2 34. Qb7 Kh6
35. e7 Rfe8 36. Rad1 Rxe7 37. Qd5 Re5 38. Qg2 Rxe3 39. Rd5 Qe6 40. Rd4 Re1 41.
Rd1 Qe2 42. Qxh3 Rxd1 0-1

[Event "Festival Maggio"]
[Site "Roma ITA"]
[Date "1997.04.??"]
[Round "5"]
[White "Proietti, Giorgio"]
[Black "Zanobini, Andrea"]
[Result "1-0"]
[WhiteElo "1717"]
[BlackElo "1798"]
[PlyCount "125"]
[EventDate "1997.04.30"]

1. d4 d5 2. Nf3 Nf6 3. c4 e6 4. Nc3 Be7 5. Bg5 Nbd7 6. e3 O-O 7. Bd3 c6 8. O-O
dxc4 9. Bxc4 Nd5 10. Bxe7 Qxe7 11. Qd2 Re8 12. Rfd1 b6 13. a3 Bb7 14. Be2 Rad8
15. Rac1 c5 16. Nxd5 Bxd5 17. Qc2 cxd4 18. Nxd4 Nc5 19. b4 Ne4 20. Nc6 Bxc6 21.
Qxc6 Nf6 22. Bf3 Rc8 23. Qxc8 Rxc8 24. Rxc8+ Ne8 25. Rdd8 Kf8 26. Rxe8+ Qxe8
27. Rxe8+ Kxe8 28. Bc6+ Ke7 29. e4 Kd6 30. Be8 f6 31. Kf1 Ke5 32. Bf7 Kxe4 33.
Bxe6 Kd4 34. Ke2 Kc3 35. f4 Kd4 36. Bg8 h6 37. Bh7 Kc3 38. Ke3 Kb3 39. Kd4 Kxa3
40. Kc4 Kb2 41. b5 Kc1 42. Kd3 Kb2 43. Bg8 Ka3 44. Bd5 Kb4 45. Bc6 Kc5 46. Be8
Kd5 47. g4 Ke6 48. Ke4 Ke7 49. Bc6 Ke6 50. f5+ Kd6 51. Be8 Kc5 52. h4 Kd6 53.
Kd4 Ke7 54. Bc6 Kd6 55. Bf3 Kc7 56. Kd5 Kd7 57. Bg2 Kc7 58. Ke6 Kd8 59. Kf7 Kd7
60. Kxg7 Ke7 61. Bf3 Kd6 62. Kxf6 Kc5 63. Be2 1-0

[Event "Festival Maggio"]
[Site "Roma ITA"]
[Date "1997.04.??"]
[Round "5"]
[White "Quimi, Marco"]
[Black "Bono, Leonardo"]
[Result "1-0"]
[WhiteElo "2245"]
[BlackElo "1765"]
[PlyCount "87"]
[EventDate "1997.04.30"]

1. e4 e6 2. d4 d5 3. e5 c5 4. c3 Qb6 5. Nf3 Bd7 6. Be2 cxd4 7. cxd4 Bb5 8. O-O
Bxe2 9. Qxe2 Nc6 10. Rd1 Nge7 11. b3 Rc8 12. Bb2 Nf5 13. g4 Nfe7 14. Nc3 h5 15.
Ng5 Nxd4 16. Qe3 Nc2 17. Qf4 Nxa1 18. Qxf7+ Kd7 19. Rxa1 hxg4 20. Na4 Qa6 21.
Ba3 Rh6 22. Nc5+ Rxc5 23. Bxc5 b6 24. Bxe7 Bxe7 25. Qxg7 Qe2 26. Qxh6 Qxe5 27.
Qxe6+ Qxe6 28. Nxe6 Kxe6 29. Re1+ Kf6 30. Kg2 Bd6 31. Re2 a5 32. f3 gxf3+ 33.
Kxf3 Kg5 34. Rd2 Kh4 35. h3 Bc5 36. Rxd5 Be7 37. Rd7 Bc5 38. Rh7+ Kg5 39. h4+
Kg6 40. Rc7 Bg1 41. Kg4 Bf2 42. Rc6+ Kh7 43. h5 Be3 44. Re6 1-0

[Event "Festival Maggio"]
[Site "Roma ITA"]
[Date "1997.04.??"]
[Round "5"]
[White "Scacco, Mauro"]
[Black "Campanile, Antonio"]
[Result "1-0"]
[WhiteElo "2035"]
[BlackElo "2200"]
[PlyCount "109"]
[EventDate "1997.04.30"]

1. e4 d5 2. exd5 Qxd5 3. Nc3 Qa5 4. d4 Nf6 5. Bc4 c6 6. Nf3 Bf5 7. O-O Nbd7 8.
Qe2 e6 9. Ne5 Bb4 10. Bd2 O-O 11. a3 Bxc3 12. Bxc3 Qc7 13. Rfd1 Nd5 14. Be1
Rad8 15. Bb3 N5f6 16. f3 Ra8 17. g4 Bg6 18. h4 a5 19. Bg3 a4 20. Ba2 Nd5 21.
Kf2 Nxe5 22. Bxe5 Qe7 23. c4 f6 24. Bg3 Nc7 25. d5 Qc5+ 26. Kg2 e5 27. Bf2 Qa5
28. dxc6 bxc6 29. Bb6 Qxb6 30. c5+ Qb3 31. Bxb3+ axb3 32. Rd7 Nd5 33. Rxd5 cxd5
34. Qd1 Bc2 35. Qxd5+ Kh8 36. c6 Rac8 37. h5 Rfd8 38. Qe6 h6 39. Re1 Re8 40.
Qc4 Rc7 41. Re3 Rd8 42. Qb5 Rdc8 43. Rc3 e4 44. f4 Bd1 45. g5 fxg5 46. fxg5
hxg5 47. Qxg5 Bf3+ 48. Kg3 Rxc6 49. Rxb3 Rc2 50. Kh3 R2c5 51. Qe7 Rxh5+ 52. Kg3
Rh1 53. Rb7 Rg1+ 54. Kf4 Rg4+ 55. Ke3 1-0

[Event "Festival Maggio"]
[Site "Roma ITA"]
[Date "1997.04.??"]
[Round "5"]
[White "Scagliarini, Valentina"]
[Black "Michelena, Rodolfo"]
[Result "0-1"]
[WhiteElo "1771"]
[BlackElo "1822"]
[PlyCount "54"]
[EventDate "1997.04.30"]

1. e4 e5 2. Nf3 d6 3. d4 Bg4 4. dxe5 Nd7 5. Be2 Bxf3 6. Bxf3 Nxe5 7. Bf4 Qf6 8.
Bxe5 Qxe5 9. Nc3 Ne7 10. O-O g6 11. Qd3 a6 12. Rfe1 Bg7 13. Nd5 Rc8 14. Bg4 Rd8
15. Nxc7+ Kf8 16. Qf3 Kg8 17. Nd5 Nc6 18. Qb3 h5 19. Bd1 Re8 20. Qxb7 Qxd5 21.
c4 Qc5 22. Ba4 Na5 23. Qxa6 Rb8 24. Rab1 Bd4 25. Re2 Kg7 26. b3 Rb6 27. Qa7
Rxb3 0-1

[Event "Festival Maggio"]
[Site "Roma ITA"]
[Date "1997.04.??"]
[Round "5"]
[White "Simeoni, Matteo"]
[Black "Fantazzini, Massimiliano"]
[Result "1/2-1/2"]
[WhiteElo "1797"]
[BlackElo "1753"]
[PlyCount "47"]
[EventDate "1997.04.30"]

1. e4 c6 2. Nc3 d5 3. Nf3 Bg4 4. h3 Bxf3 5. Qxf3 dxe4 6. Nxe4 e6 7. d4 Nd7 8.
Bd3 Ngf6 9. c3 Nxe4 10. Bxe4 Be7 11. O-O a5 12. a4 Nf6 13. Bd3 O-O 14. Re1 Qb6
15. Bf4 Rfd8 16. Be5 Rd7 17. Qg3 Kf8 18. Bxh7 Qxb2 19. Reb1 Qd2 20. Bf4 Qe2 21.
Bd3 Qh5 22. Be5 Qh6 23. Bf4 Qh5 24. Re1 1/2-1/2

[Event "Festival Maggio"]
[Site "Roma ITA"]
[Date "1997.04.??"]
[Round "5"]
[White "Steinfl, Alessandro"]
[Black "Teodorescu, Florin Cornel"]
[Result "1-0"]
[WhiteElo "2240"]
[BlackElo "2300"]
[PlyCount "65"]
[EventDate "1997.04.30"]

1. d4 Nf6 2. Bg5 d6 3. Bxf6 exf6 4. e3 Be7 5. Bd3 Nd7 6. Ne2 c6 7. c3 Nf8 8.
Ng3 g6 9. Nd2 Qb6 10. Qc2 Bg4 11. O-O Qc7 12. f4 Bd7 13. f5 O-O-O 14. a4 Kb8
15. b4 g5 16. Nh5 Bc8 17. b5 d5 18. bxc6 bxc6 19. Rab1+ Ka8 20. c4 Bd6 21. g3
Qe7 22. Rfe1 Bb4 23. cxd5 cxd5 24. a5 Bxa5 25. Rb5 Bxd2 26. Qxd2 Ba6 27. Ra5
Bxd3 28. Qxd3 Rd7 29. Qa6 Rb7 30. Nxf6 Nd7 31. Nxd5 Qd8 32. Rea1 Re8 33. Qc6
1-0

[Event "Festival Maggio"]
[Site "Roma ITA"]
[Date "1997.04.??"]
[Round "6"]
[White "Bono, Leonardo"]
[Black "Spaziani, Gianni"]
[Result "1-0"]
[WhiteElo "1765"]
[BlackElo "1716"]
[PlyCount "85"]
[EventDate "1997.04.30"]

1. e4 e6 2. d4 d5 3. e5 c5 4. c3 Nc6 5. Nf3 cxd4 6. cxd4 Nge7 7. Bd3 Bd7 8. O-O
Nb4 9. Be2 Nf5 10. Nbd2 Rc8 11. Nb3 Qb6 12. g4 Ne7 13. Nc5 Bc6 14. Ne1 Ng6 15.
a3 Na6 16. Na4 Qc7 17. b4 Qd7 18. Nc3 Nc7 19. f4 a6 20. f5 exf5 21. gxf5 Ne7
22. Bg4 Ng8 23. Ra2 Nh6 24. e6 fxe6 25. fxe6 Nxe6 26. Bxe6 Qxe6 27. Re2 Qxe2
28. Qxe2+ Be7 29. Bg5 Rc7 30. a4 Kd8 31. Qe5 Bxg5 32. Qxg5+ Kc8 33. b5 axb5 34.
axb5 Be8 35. Nxd5 Bxb5 36. Nb6+ Kb8 37. Qxb5 Rd8 38. Qe5 Ng4 39. Qg5 Nf6 40. d5
Rc5 41. Nd3 Rb5 42. Qg3+ Ka7 43. Qc7 1-0

[Event "Festival Maggio"]
[Site "Roma ITA"]
[Date "1997.04.??"]
[Round "6"]
[White "Fantazzini, Massimiliano"]
[Black "Pezzaldi, Roberto"]
[Result "0-1"]
[WhiteElo "1753"]
[BlackElo "2105"]
[PlyCount "80"]
[EventDate "1997.04.30"]

1. Nf3 e6 2. d3 d5 3. Nbd2 c5 4. g3 Nc6 5. Bg2 Bd6 6. O-O Nge7 7. e4 Qc7 8. a4
Bd7 9. Re1 O-O-O 10. c3 f6 11. exd5 exd5 12. d4 Qb6 13. Nb3 c4 14. Nc5 Bxc5 15.
dxc5 Qxc5 16. Be3 Qa5 17. b4 cxb3 18. Qxb3 Bf5 19. Bd2 Qc5 20. Nd4 Ne5 21. Nxf5
Nxf5 22. c4 Nd4 23. Qe3 Rhe8 24. Bh3+ Kc7 25. Kh1 dxc4 26. Rec1 Nb3 27. Qxb3
Rxd2 28. Bg2 cxb3 29. Rxc5+ Kd6 30. Rb5 b2 31. Rb1 Rc8 32. R5xb2 Rxb2 33. Rxb2
Rc1+ 34. Bf1 Rxf1+ 35. Kg2 Rc1 36. Rxb7 Rc7 37. Rb2 a5 38. Rb5 Rc5 39. Rb7 Nd7
40. Kf3 Rc4 0-1

[Event "Festival Maggio"]
[Site "Roma ITA"]
[Date "1997.04.??"]
[Round "6"]
[White "Galeno, Walter"]
[Black "Barro, Carlo"]
[Result "0-1"]
[WhiteElo "1803"]
[BlackElo "1762"]
[PlyCount "37"]
[EventDate "1997.04.30"]

1. Nf3 Nf6 2. g3 g6 3. Bg2 Bg7 4. d3 d6 5. O-O O-O 6. Nbd2 Nbd7 7. e4 Rb8 8.
Re1 e5 9. Nc4 b5 10. Ne3 Nb6 11. Bd2 h6 12. Qc1 Kh7 13. Nf1 Be6 14. Nh4 Nfd7
15. f4 exf4 16. Nf3 fxg3 17. Nxg3 Ne5 18. Nxe5 dxe5 19. Bb4 0-1

[Event "Festival Maggio"]
[Site "Roma ITA"]
[Date "1997.04.??"]
[Round "6"]
[White "Giangregorio, Pasquale"]
[Black "Lepri, Livio"]
[Result "1-0"]
[WhiteElo "1767"]
[BlackElo "1999"]
[PlyCount "143"]
[EventDate "1997.04.30"]

1. c4 Nf6 2. Nc3 g6 3. g3 Bg7 4. Bg2 O-O 5. e4 d6 6. Nge2 e5 7. O-O c6 8. d3
Qc7 9. Rb1 a5 10. a3 Bg4 11. h3 Be6 12. Be3 Nbd7 13. Qd2 Rfb8 14. f4 Nf8 15.
Kh2 exf4 16. Nxf4 N6d7 17. Nxe6 Nxe6 18. a4 Nd4 19. Qf2 Nb3 20. Qxf7+ Kh8 21.
Rf4 Rf8 22. Qe7 Bf6 23. Rxf6 Rxf6 24. Bh6 Rg8 25. e5 Rf5 26. e6 Nbc5 27. exd7
Qxd7 28. Qxd7 Nxd7 29. Bf4 Ne5 30. Bxe5+ Rxe5 31. Ne4 Rd8 32. d4 Rf5 33. g4 Rf7
34. Rf1 Rxf1 35. Bxf1 d5 36. Ng5 Rd7 37. c5 Re7 38. Nf3 Re3 39. Nd2 Re1 40. Kg1
Rd1 41. Nb3 Rb1 42. Nxa5 Rxb2 43. Bg2 Rb4 44. g5 Kg7 45. Bf3 Rxd4 46. Nxb7 Rxa4
47. Bg4 d4 48. Kf2 Ra2+ 49. Kf3 Ra7 50. Bc8 Kf7 51. Ke4 d3 52. Kxd3 Ke7 53. Kd4
Ra4+ 54. Kc3 Re4 55. Na5 Kd8 56. Bg4 Kc7 57. Nxc6 Ra4 58. Nb4 Ra8 59. Kc4 h5
60. gxh6 Rh8 61. Nd5+ Kc6 62. Ne7+ Kc7 63. Nxg6 Rxh6 64. Nf4 Ra6 65. Kb5 Ra1
66. Nd5+ Kb8 67. c6 Rc1 68. Bd7 Rc2 69. h4 Rh2 70. c7+ Ka7 71. c8=Q Rb2+ 72.
Nb4 1-0

[Event "Festival Maggio"]
[Site "Roma ITA"]
[Date "1997.04.??"]
[Round "6"]
[White "Guarnieri, Giuseppe"]
[Black "Simeoni, Matteo"]
[Result "1/2-1/2"]
[WhiteElo "1921"]
[BlackElo "1797"]
[PlyCount "66"]
[EventDate "1997.04.30"]

1. d4 f5 2. Nf3 e6 3. e3 Nf6 4. Bd3 Be7 5. O-O O-O 6. Nbd2 b6 7. b3 Bb7 8. Bb2
Qe8 9. Ne1 Qg6 10. f3 Nd5 11. Qe2 Qh6 12. f4 Nb4 13. a3 Nxd3 14. cxd3 Nc6 15.
Rf3 Qh5 16. Qf1 Rae8 17. Rh3 Qf7 18. Nef3 d6 19. Rg3 Bf6 20. Ng5 Qe7 21. b4 e5
22. b5 Nd8 23. dxe5 dxe5 24. a4 Nf7 25. Nxf7 Rxf7 26. Nc4 exf4 27. Bxf6 Qxf6
28. exf4 Rd7 29. Ne5 Rd4 30. Rc1 Qd6 31. Rc4 Rxc4 32. dxc4 Qd4+ 33. Kh1 Be4
1/2-1/2

[Event "Festival Maggio"]
[Site "Roma ITA"]
[Date "1997.04.??"]
[Round "6"]
[White "Laudati, Adriano"]
[Black "Marta, Daniele"]
[Result "1/2-1/2"]
[WhiteElo "1852"]
[BlackElo "1807"]
[PlyCount "92"]
[EventDate "1997.04.30"]

1. d4 Nf6 2. c4 g6 3. Nc3 Bg7 4. e4 d6 5. Nf3 O-O 6. Be2 e5 7. O-O Nc6 8. d5
Ne7 9. Ne1 Nd7 10. Nd3 f5 11. f3 Nf6 12. Bd2 f4 13. g4 g5 14. c5 h5 15. h3 Ng6
16. Be1 Rf7 17. Bf2 Bf8 18. b4 Rh7 19. Kg2 hxg4 20. hxg4 Nh4+ 21. Bxh4 Rxh4 22.
Rh1 Rxh1 23. Qxh1 Qe7 24. cxd6 cxd6 25. Rc1 Bd7 26. Qg1 Qh7 27. Qf2 Be7 28. a4
Bd8 29. a5 a6 30. Qg1 Qh4 31. Qh2 Qxh2+ 32. Kxh2 Rc8 33. Nf2 Kg7 34. Na2 Rxc1
35. Nxc1 Bc8 36. Nb3 Nd7 37. Nd3 b6 38. Nb2 bxa5 39. bxa5 Kf6 40. Kg2 Ke7 41.
Nc4 Bc7 42. Kf1 Bb8 43. Nb6 Bb7 44. Nxd7 Kxd7 45. Ke1 Ba7 46. Kd2 Kc7 1/2-1/2

[Event "Festival Maggio"]
[Site "Roma ITA"]
[Date "1997.04.??"]
[Round "6"]
[White "Marzano, Carlo"]
[Black "Scagliarini, Bruno"]
[Result "1-0"]
[WhiteElo "2175"]
[BlackElo "1728"]
[PlyCount "57"]
[EventDate "1997.04.30"]

1. e4 e6 2. b3 d5 3. Bb2 Nf6 4. e5 Nfd7 5. f4 c5 6. Nf3 Nc6 7. g3 b6 8. Bg2 Bb7
9. O-O g6 10. c4 d4 11. d3 Qc7 12. Nbd2 Be7 13. Ne4 h6 14. a3 a5 15. Qe2 O-O
16. h4 Nd8 17. Rae1 f5 18. exf6 Nxf6 19. Ne5 Kh7 20. Nxf6+ Bxf6 21. h5 Bxe5 22.
hxg6+ Kxg6 23. fxe5 Nf7 24. Rf6+ Kg7 25. Bxb7 Qxb7 26. Qh5 Rg8 27. Re4 Kh8 28.
Rxf7 Rxg3+ 29. Kh2 1-0

[Event "Festival Maggio"]
[Site "Roma ITA"]
[Date "1997.04.??"]
[Round "6"]
[White "Mastropietro, Marco"]
[Black "Quimi, Marco"]
[Result "1-0"]
[WhiteElo "1785"]
[BlackElo "2245"]
[PlyCount "61"]
[EventDate "1997.04.30"]

1. Nf3 Nf6 2. d4 g6 3. Bg5 Bg7 4. e3 O-O 5. Be2 c5 6. c3 b6 7. O-O Bb7 8. Nbd2
d6 9. Qc2 Nbd7 10. Rfe1 Qc7 11. h3 Rfe8 12. a4 e5 13. dxe5 dxe5 14. e4 h6 15.
Bh4 Nh5 16. Rad1 g5 17. Bg3 Nxg3 18. fxg3 Nf6 19. Bc4 Rad8 20. Nh2 Re7 21. Nhf1
Red7 22. Ne3 Rxd2 23. Rxd2 Rxd2 24. Qxd2 Nxe4 25. Qd3 Nd6 26. Nd5 Qd8 27. Rd1
Bf8 28. Ne3 Qc8 29. Qg6+ Kh8 30. Bxf7 Be4 31. Qg8# 1-0

[Event "Festival Maggio"]
[Site "Roma ITA"]
[Date "1997.04.??"]
[Round "6"]
[White "Monteleone, Antonio"]
[Black "Franchi, Jose' Maria"]
[Result "1-0"]
[WhiteElo "2195"]
[BlackElo "1846"]
[PlyCount "43"]
[EventDate "1997.04.30"]

1. d4 Nf6 2. c4 e6 3. Nc3 Bb4 4. Qc2 O-O 5. a3 Bxc3+ 6. Qxc3 b6 7. Bg5 Ba6 8.
Nf3 d6 9. e3 Nbd7 10. Bd3 c5 11. Nd2 Rc8 12. O-O cxd4 13. Qxd4 Ne5 14. Be2 h6
15. Bxf6 Qxf6 16. Ne4 Qg6 17. Nxd6 Rc5 18. b4 Nc6 19. Qd3 Rf5 20. Nxf5 exf5 21.
b5 Ne5 22. Qd5 1-0

[Event "Festival Maggio"]
[Site "Roma ITA"]
[Date "1997.04.??"]
[Round "6"]
[White "Moroni, Marco"]
[Black "Farina, Saverio"]
[Result "1-0"]
[WhiteElo "1785"]
[BlackElo "2170"]
[PlyCount "51"]
[EventDate "1997.04.30"]

1. e4 e6 2. d4 d5 3. Nd2 c5 4. exd5 exd5 5. Bb5+ Nc6 6. Qe2+ Be7 7. Ngf3 Nf6 8.
Ne5 Qc7 9. O-O O-O 10. Bxc6 bxc6 11. Nxc6 Qxc6 12. Qxe7 cxd4 13. Nb3 Ba6 14.
Nxd4 Qc4 15. Be3 Rfe8 16. Qd6 Rad8 17. Qg3 Ne4 18. Qg4 Rd6 19. Rfe1 Rg6 20. Qd7
Nf6 21. Qc6 Rc8 22. Qxc4 dxc4 23. Nf5 Rc7 24. Bd4 Rg4 25. Bxf6 gxf6 26. Re8#
1-0

[Event "Festival Maggio"]
[Site "Roma ITA"]
[Date "1997.04.??"]
[Round "6"]
[White "Petruccioli, Antonio"]
[Black "Scagliarini, Valentina"]
[Result "1-0"]
[WhiteElo "1926"]
[BlackElo "1771"]
[PlyCount "135"]
[EventDate "1997.04.30"]

1. e4 e6 2. d4 d5 3. exd5 exd5 4. Nf3 Nf6 5. Bd3 Bd6 6. O-O O-O 7. h3 h6 8. Nc3
Nc6 9. Re1 Ne7 10. Nb5 Bf5 11. Bf1 c6 12. Nxd6 Qxd6 13. g4 Bh7 14. Ne5 Ng6 15.
Bd3 Nd7 16. f4 Rfe8 17. Bd2 Ndf8 18. Qf3 f6 19. Nxg6 Bxg6 20. f5 Bf7 21. c3
Rxe1+ 22. Rxe1 Re8 23. Rf1 Nd7 24. h4 c5 25. Bb5 cxd4 26. cxd4 Re4 27. Be3 Qe7
28. Kf2 Qd6 29. Kg2 Qe7 30. Kf2 Qd6 31. Rh1 Nb8 32. Bd3 Re8 33. g5 fxg5 34.
hxg5 hxg5 35. Qh3 Kf8 36. Bxg5 Nd7 37. Qh8+ Bg8 38. Rh7 Re7 39. Bxe7+ Qxe7 40.
Rh3 Qf6 41. Qh4 Qb6 42. b3 Nf6 43. Re3 Qa5 44. Qf4 Qd2+ 45. Be2 Qb4 46. Qb8+
Kf7 47. Qxa7 Ne4+ 48. Kg2 Bh7 49. Bh5+ Kf6 50. Re2 Bxf5 51. Qb8 Qe7 52. Qf4 g6
53. Bg4 Qe6 54. Bxf5 Qxf5 55. Qxf5+ Kxf5 56. Rc2 Nd6 57. Kf3 g5 58. Rc7 Nb5 59.
Rf7+ Ke6 60. Rxb7 Nxd4+ 61. Kg4 Kd6 62. Kxg5 Kc6 63. Ra7 Kc5 64. Kf4 Nc6 65.
Rc7 d4 66. Ke4 Kd6 67. Rxc6+ Kxc6 68. Kxd4 1-0

[Event "Festival Maggio"]
[Site "Roma ITA"]
[Date "1997.04.??"]
[Round "6"]
[White "Quinto, Gianni"]
[Black "Scacco, Mauro"]
[Result "1-0"]
[WhiteElo "2195"]
[BlackElo "2035"]
[PlyCount "63"]
[EventDate "1997.04.30"]

1. d4 d5 2. c4 e6 3. Nc3 Be7 4. Nf3 Nf6 5. Bg5 Nbd7 6. e3 O-O 7. Qc2 Re8 8.
O-O-O c6 9. h4 Nf8 10. Kb1 b6 11. Bxf6 Bxf6 12. g4 g6 13. g5 Bg7 14. Ne5 Bb7
15. f4 Rc8 16. Bg2 Nd7 17. h5 Nf8 18. Rh4 Qc7 19. Rdh1 c5 20. hxg6 fxg6 21.
cxd5 cxd4 22. d6 Qxd6 23. Bxb7 dxc3 24. Bxc8 Rxc8 25. Ng4 Qb4 26. f5 Rc4 27. f6
Rxg4 28. fxg7 Rxh4 29. gxf8=Q+ Kxf8 30. Qf2+ Ke8 31. Rxh4 c2+ 32. Kc1 1-0